00410nam a2200169Ia 4500003000500000008004100005020001800046040001900064082000700083100002100090245004900111246001800160260003000178300001000208365000800218546001400226STCL221019s9999 xx 000 0 und d a9789353900816 aSTCLcSTCLbEN 222 aHorowitz, Antony 0aഹൗസ് ഓഫ് സിൽക്ക് aHouse of silk bD C BooksaKottayamc2019 a294 p b325 aMalayalam